[Event "20th IPCA World-ch 2021"]
[Site "Torrevieja"]
[Date "2021.10.24"]
[Round "8.5"]
[White "Gedgafov, Chamal"]
[Black "Valenta, Vit Vaclav"]
[Result "1/2-1/2"]
[WhiteElo "2202"]
[BlackElo "2028"]
[Annotator "TA"]
[PlyCount "213"]
[EventDate "2021.10.19"]
[EventType "swiss"]
[EventRounds "9"]
[EventCountry "ESP"]
[SourceTitle "playchess.com"]
[Source "ChessBase"]
[SourceQuality "1"]

{[%evp 9,213,-19,-14,-20,-16,-53,-16,-29,0,-12,0,-79,-79,-83,-82,-79,-79,-163,-93,-104,-73,-78,-34,-58,8,-92,-89,-79,-79,-72,-47,-100,-95,-212,-205,-204,-216,-320,-261,-419,-399,-355,-229,-230,-231,-233,-205,-401,-270,-287,-287,-270,-272,-287,-282,-369,-348,-343,-215,-287,-282,-268,-280,-303,-297,-302,-294,-302,-299,-372,-190,-399,-392,-387,-367,-369,-362,-341,-351,-333,-309,-282,-270,-451,-453,-440,-446,-434,-370,-372,-369,-372,-360,-437,-422,-430,-425,-416,-404,-454,-445,-442,-373,-518,-508,-515,-470,-509,-470,-500,-490,-490,-457,-6204,-197,-5631,-5031,-723,-632,-357,-197,-197,-197,-197,-197,-197,-197,-197,-197,-197,-197,-197,0,-197,-175,-175,-175,-175,-175,-197,-197,-197,0,-197,-197,-197,-197,-197,-197,-197,-197,-197,-80,-128,-128,-128,-128,-128,-128,-128,-128,-128,-128,-128,-80,-128,-80,-80,-80,-80,0,-80,-80,-128,-128,-128,-128,-128,-128,-128,-128,-128,-128,-128,-128,-128,-128,-128,-128,-128,0,-128,0,-128,0,-128,0,-128,-128,-128,-128,-128,0,-128,0,-135]} 1. Nf3 Nf6 2. b3 c5 3. Bb2 g6 4. e4 Bg7 5. e5 Nd5 6. c4 {A05: Réti Opening: 1 Nf3 Nf6.} Nc7 7. Nc3 O-O {[#]} 8. d4 $146 ({Predecessor:} 8. g3 Nc6 9. Na4 b6 10. Bg2 Bb7 11. O-O Ne6 12. Re1 Qc7 13. a3 Ncd4 14. Nc3 Nxf3+ 15. Bxf3 Bxf3 16. Qxf3 {0-1 (33) Montalvao,P (1382)-Bueno,F (1662) Brasilia 2017}) 8... Nc6 9. dxc5 Nxe5 10. Na4 (10. h4 $11 {remains equal.}) 10... Nxf3+ $17 11. Qxf3 Bxb2 12. Nxb2 Ne6 13. Nd3 (13. Qc3 $17 {might work better.}) 13... Nxc5 14. O-O-O Nxd3+ 15. Bxd3 Qa5 16. Kb1 Qb4 (16... Qa3 $15) 17. Kb2 (17. h4 $1 $11) 17... a5 18. a3 Qc5 19. Rhe1 d5 20. Qxd5 (20. Qe3 $15 Qxe3 21. Rxe3) 20... Qxf2+ 21. Re2 (21. Bc2 $17) 21... Qf6+ $19 22. Re5 Be6 23. Qe4 (23. Qd4 $142) 23... Rad8 {White must now prevent ...Bf5!} 24. Bc2 $2 (24. Kc2 {is a better defense.}) 24... Rxd1 25. Bxd1 Rc8 26. Qd4 a4 $1 27. Bf3 axb3 28. Re4 $2 (28. Bd5) 28... Bxc4 29. Qxf6 exf6 {[%mdl 4096] Endgame KRB-KRB} 30. Rd4 b5 31. Bd1 Re8 32. a4 Ra8 33. axb5 Bxb5 34. Bf3 Ra7 35. Kxb3 Rc7 36. Rd6 Kg7 37. Kb4 Bd7 38. Ka5 {[#] Threatens to win with Kb6.} Be6 39. Rd4 Rc4 (39... f5 $142 40. Rd2 Kf6) 40. Rd2 (40. Rxc4 {was the only chance.} Bxc4 41. Kb4) 40... f5 41. Kb5 Rc3 42. Kb4 Rc7 43. Kb5 Kf6 44. Bc6 Ra7 45. Kc5 Ra2 46. Rd3 (46. Rxa2 Bxa2 47. Kd4) 46... Rc2+ 47. Kd6 Bc4 48. Rd1 Rc3 49. Re1 Rd3+ 50. Kc5 Be6 51. Re2 h5 52. Bb5 Rd5+ 53. Kb4 h4 54. Bc6 Rd3 55. Bb5 Rd1 56. Bc6 Rc1 57. Ba8 Ra1 58. Bc6 h3 59. gxh3 Ra2 60. Rxa2 Bxa2 {KB-KB} 61. Kc3 (61. h4 $142 Ke5 62. Kc3) 61... Ke5 $2 (61... Kg5 {aiming for ...Be6.} 62. Kd2 Kh4) 62. Kd3 $2 (62. h4) 62... Bd5 63. Be8 g5 64. Ke3 f6 (64... f4+ $142 65. Kf2 Be6) 65. Kf2 Be6 66. h4 gxh4 67. Bb5 f4 68. Bd3 Bf5 69. Be2 Be4 70. Bg4 Bf5 $2 (70... Bb7 $19 71. Bd7 Kd4) 71. Bf3 $2 (71. Be2 $1 $11 {and White has nothing to worry.} Bg6 72. Bb5) 71... Bh3 72. Bc6 Bg4 73. Bb7 Bd1 74. Bc8 Bc2 75. Bg4 Bf5 $2 (75... Bd3 $19 {...Bc4 is the strong threat.} 76. Bd1 Be4) 76. Bd1 $2 (76. Be2 $11 {and White is okay.} Be6 77. Bb5) 76... Bh3 77. Ba4 Be6 78. Bc2 Bd5 79. Bd3 Kd4 80. Bf5 f3 (80... Bc6 $19 81. Bg4 Bd5) 81. Bc8 Ke4 82. Bd7 Kf4 83. Bc8 Be4 84. Bd7 f5 85. Bb5 Bd5 86. Ba6 Bf7 87. Bb5 Bh5 88. Bc4 Bg4 89. Bd5 Bh5 90. Bc4 Kg4 91. Kg1 Be8 92. Bd3 Bc6 93. Bc4 Kf4 94. Kf2 Ba4 95. Bd5 Bd1 96. Be6 Kg4 97. Kg1 Bc2 98. Bc4 Be4 99. Bb5 Kf4 100. Kf2 Kg4 101. Kg1 $1 Bc2 102. Bc4 $1 Bd1 ({Better is} 102... Kg5 $17 {And now ...Kf4 would win.} 103. Bf1 Be4) 103. Bb5 (103. Be6 $1 $11) 103... Be2 104. Bd7 Bd3 105. Bc6 Be4 106. Bb5 Kf4 {[#] ( -> ...Ke3)} 107. Kf2 {White happily takes the draw.  Weighted Error Value: White=0.38/Black=0.21} 1/2-1/2

[Event "20th IPCA World-ch 2021"]
[Site "Torrevieja"]
[Date "2021.10.24"]
[Round "8.6"]
[White "Glazar, Domagoj"]
[Black "Nikitskaya, Varvara"]
[Result "1-0"]
[WhiteElo "2142"]
[BlackElo "1173"]
[Annotator "TA"]
[PlyCount "47"]
[EventDate "2021.10.19"]
[EventType "swiss"]
[EventRounds "9"]
[EventCountry "ESP"]
[SourceTitle "playchess.com"]
[Source "ChessBase"]
[SourceQuality "1"]

{[%evp 13,47,48,56,43,49,10,25,0,0,-9,-12,-54,0,0,7,11,27,28,40,-6,473,473,482,471,518,522,527,520,892,746,911,835,822,822,1026,308]} 1. d4 d5 2. c4 e6 3. Nc3 Nf6 4. cxd5 exd5 5. Bg5 c6 6. e3 Qb6 {6...h6 is the modern continuation.} 7. Qc2 Ne4 8. Nxe4 {D35: Queen's Gambit Declined: Exchange Variation.} dxe4 9. Qxe4+ Be6 10. O-O-O {White has an edge.} Qa5 $1 {[%cal Ra5g5]} 11. Nf3 {Hoping for Bc4.} Qxa2 12. Bd3 {[#]} Qa1+ $146 (12... h6 $15 13. Bh4 Nd7) ({Predecessor:} 12... f5 13. Qe5 Nd7 14. Qc7 Bb4 15. Ne5 Nxe5 16. dxe5 O-O 17. Be7 Rfc8 18. Qxc8+ Rxc8 19. Bxb4 {0-1 (35) Lysiak,M (2349)-Shapiro,D (2530) Chess.com INT 2020}) 13. Kc2 $11 Qa4+ 14. Kd2 Qb4+ 15. Ke2 Nd7 16. Nd2 h6 $2 {[%mdl 8192] [#] A mistake that costs the game.} (16... Nb6 $11 {and Black is okay.}) 17. Qxe6+ $1 $18 {[%mdl 512] White is clearly winning.} Be7 18. Bxe7 Qxd2+ 19. Rxd2 {White threatens Bg6! and mate.} fxe6 20. Bh4 b5 (20... Kf7 $142 21. Bg3 Rhg8) 21. Rc1 Rc8 {[#]} 22. Bxb5 $1 O-O 23. Rxc6 Rb8 24. Rc4 $2 {Weighted Error Value: White=0.15/Black=0.86} 1-0

[Event "20th IPCA World-ch 2021"]
[Site "Torrevieja"]
[Date "2021.10.24"]
[Round "8.7"]
[White "Aleksandrova, Aleksandra"]
[Black "Zavarsky, Juraj"]
[Result "0-1"]
[WhiteElo "1728"]
[BlackElo "1975"]
[Annotator "TA"]
[PlyCount "84"]
[EventDate "2021.10.19"]
[EventType "swiss"]
[EventRounds "9"]
[EventCountry "ESP"]
[SourceTitle "playchess.com"]
[Source "ChessBase"]
[SourceQuality "1"]

{[%evp 9,84,-2,-1,-80,-93,-104,-70,-75,-79,-92,-87,-111,-102,-133,-10,-68,-49,-302,-42,-150,-133,-141,-144,-124,-121,-89,46,58,65,48,25,-94,-8,-36,0,-631,-642,-644,-647,-877,-876,-830,-265,-270,-295,-512,-513,-500,-506,-741,-651,-1282,-1164,-29977,-29978,-29978,-29979,-29979,-29980,-29980,-29981,-29986,-29982,-29994,-29995,-29995,-29995,-29995,-29982,-29985,-29986,-29997,-29998,-29998,-29998,-29998,-29999]} 1. e4 c5 2. f4 e6 3. Nf3 a6 4. a4 Nc6 5. c3 d5 {[#]} 6. exd5 $146 {B21: Sicilian: 2 f4 and Morra Gambit.} (6. d3 $11) ({Predecessor:} 6. d3 dxe4 7. dxe4 Qxd1+ 8. Kxd1 Nf6 9. Nbd2 Be7 10. Bd3 O-O 11. Nc4 Rd8 12. Kc2 {1-0 (38) Probola,R (2155)-Derus,J (1895) Wojewodztwo Lubelskie 2013}) 6... exd5 $17 ({Much worse is} 6... Qxd5 7. d3 $11) 7. Bd3 c4 8. Bc2 {Black is slightly better.} Bc5 9. d4 cxd3 $1 10. Qxd3 Nge7 $1 11. Qe2 h6 (11... O-O $1 $17 12. b4 Bb6) 12. b4 (12. Be3 $11 Bxe3 13. Qxe3) 12... Bb6 13. Ba3 $2 {[%mdl 8192]} (13. a5 $15 Ba7 14. Be3) 13... Bg4 $2 (13... O-O $1 $19 14. Kd1 d4) 14. h3 (14. b5 $1 $15 Na5 15. Nbd2) 14... Bxf3 15. Qxf3 O-O $1 16. Nd2 d4 {Hoping for ...dxc3.} 17. c4 a5 (17... Re8 $1 $17 18. Kd1 d3 19. Qxd3 Qxd3 20. Bxd3 Rad8) 18. b5 $14 Nb4 19. Bxb4 axb4 20. Qd3 (20. Bd3 $11 {keeps the balance.}) 20... Ng6 ({Black should try} 20... g6 $17 21. g4 Re8) 21. O-O $11 Re8 $36 {[%mdl 2048] Black has the initiative.} 22. Rae1 {[%mdl 8192] Black continues to play with concentration.} (22. c5 $11 Bxc5 23. Nc4) 22... Re3 $19 23. Rxe3 dxe3 24. a5 Qxd3 25. Bxd3 {[#]} e2+ $2 (25... Nxf4 $1 {[%mdl 512]} 26. axb6 Nxd3) 26. axb6 exf1=Q+ ({Don't do} 26... exf1=N 27. Bxf1 Ra2 28. Ne4 $19) 27. Kxf1 $2 {[#]} (27. Bxf1 Ra2 28. Nb3) 27... Rd8 $1 {[%cal Rd8d3]} 28. Bxg6 {aiming for Be4.} Rxd2 {[%mdl 4096] Endgame KR-KB} ({Stronger than} 28... fxg6 29. Ke2 $15) 29. Be4 Rd4 30. Bxb7 {Threatens to win with Bd5.} b3 {White must now prevent ...b2.} 31. Bc8 b2 {Black mates.} 32. Bf5 Rxf4+ {[%mdl 64] Double Attack} 33. Ke2 Rxf5 {KR-KP} 34. b7 b1=Q 35. b8=Q+ Kh7 36. Qc7 Qe4+ {[%mdl 64] Double Attack} 37. Kd2 Qd4+ 38. Kc2 Rc5 39. Qxf7 Rxc4+ 40. Kb1 Qd3+ 41. Ka1 Rc1+ {[%mdl 64] Discovered Attack} 42. Ka2 Rc2+ {[%mdl 64] Double Attack.  Weighted Error Value: White=1.06/Black=0.40} 0-1

[Event "20th IPCA World-ch 2021"]
[Site "Torrevieja"]
[Date "2021.10.26"]
[Round "9.1"]
[White "Kimsanboyev, Axadxon"]
[Black "Obodchuk, Andrei"]
[Result "1/2-1/2"]
[WhiteElo "1636"]
[BlackElo "2303"]
[Annotator "TA"]
[PlyCount "71"]
[EventDate "2021.10.19"]
[EventType "swiss"]
[EventRounds "9"]
[EventCountry "ESP"]
[SourceTitle "playchess.com"]
[Source "ChessBase"]
[SourceQuality "1"]

{[%evp 15,71,2,12,-25,37,36,43,32,42,38,46,26,61,54,68,52,80,4,6,8,6,12,7,9,8,16,15,3,3,3,4,4,4,4,5,3,4,3,6,0,0,0,0,0,0,0,0,0,0,0,0,0,0,0,0,0,0,0]} 1. d4 Nf6 2. Bf4 g6 3. e3 Bg7 4. Nf3 d6 5. Be2 O-O 6. h3 b6 7. O-O Bb7 8. a4 a6 $1 {8...a6 is better than 8...a5.} 9. c4 {[#] A48: 1 d4 Nf6 2 Nf3 g6: Torre, London and Colle Systems.} e6 $146 (9... a5 $11) ({Predecessor:} 9... Nbd7 10. Nc3 c5 11. d5 Qc7 12. Bh2 Rfe8 13. Qd2 Rad8 14. e4 Ne5 15. Nxe5 dxe5 16. a5 bxa5 {1-0 (50) Nguyen,N (3002)-Mezentsev,I (2720) Chess.com INT 2020}) 10. a5 $14 Ne4 11. Nbd2 {White is slightly better.} Nxd2 12. Qxd2 bxa5 13. Rxa5 Nc6 14. Ra3 a5 15. Rfa1 e5 16. Bh2 (16. Bg3 $16) 16... exd4 $1 $11 {The position is equal.} 17. exd4 Qf6 {[%cal Rc6d4]} 18. d5 Nd4 19. Qxd4 ({Not} 19. Rxa5 $2 Nb3 $19) 19... Qxd4 20. Nxd4 Bxd4 21. Rxa5 Bxb2 22. Rxa8 Rxa8 23. Rxa8+ Bxa8 {[%mdl 4096] Endgame KBB-KBB} 24. Bf4 Bd4 25. Kf1 Bb7 26. Bd3 f5 27. Ke2 Kf7 28. Be3 Bc5 29. Bxc5 dxc5 {KB-KB} 30. f4 c6 31. dxc6 Bxc6 32. g3 Kf6 33. h4 h6 34. Ke3 g5 35. hxg5+ hxg5 36. Be2 {Weighted Error Value: White=0.10/Black=0.09} 1/2-1/2

[Event "20th IPCA World-ch 2021"]
[Site "Torrevieja"]
[Date "2021.10.26"]
[Round "9.2"]
[White "Glazar, Domagoj"]
[Black "Gurbanov, Andrei"]
[Result "0-1"]
[WhiteElo "2142"]
[BlackElo "2252"]
[Annotator "TA"]
[PlyCount "58"]
[EventDate "2021.10.19"]
[EventType "swiss"]
[EventRounds "9"]
[EventCountry "ESP"]
[SourceTitle "playchess.com"]
[Source "ChessBase"]
[SourceQuality "1"]

{[%evp 10,58,-5,-15,277,22,259,-77,-10,-6,-23,-15,-20,-22,-24,-33,-34,-62,-61,-110,-33,-25,0,-132,-135,-135,-133,-217,-140,-144,-131,-166,-178,-222,-221,-279,-275,-265,-259,-273,-258,-319,-319,-311,-305,-1498,-1471,-29981,-29981,-2935,-1845]} 1. e4 e5 2. Nf3 Nc6 3. Bc4 Bc5 4. b4 Bxb4 5. c3 Bc5 6. d4 d6 {[%mdl 8192] C51: Evans Gambit: Declined and Accepted without 5...Ba5.} 7. Qb3 $2 ({White must play} 7. dxc5 $18 {Black must now prevent Ng5.} Nf6 8. cxd6) 7... Qd7 $2 8. O-O $2 ({White has to play} 8. dxc5 $18 Na5 9. Bb5 $1 {[%mdl 512]} Nxb3 10. Bxd7+ Bxd7 11. axb3) 8... Bb6 (8... exd4 $17 9. Bb2 d3 10. Bxd3 Nge7) 9. Bb5 {And now d5 would win.} a6 10. Ba4 {d5 is the strong threat.} Ba7 $1 {[#] Strongly threatening ...b5.} 11. Qd1 $146 {aiming for d5.} ({Of course not} 11. d5 {[#]} b5 $1 $17) ({Predecessor:} 11. Na3 Nge7 12. d5 b5 13. Nxb5 axb5 14. Bxb5 O-O 15. dxc6 Qg4 16. Qc2 f5 17. Re1 {0-1 (48) Li,C (2751)-Ding,L (2766) Huaian 2016}) 11... b5 12. Bb3 Nf6 13. Re1 h6 14. Ba3 Na5 (14... O-O $17 15. Bb2 a5) 15. dxe5 $15 Nxb3 16. Qxb3 (16. exf6 $11 Nxa1 17. fxg7) 16... Ng4 $17 {[%mdl 64] Double Attack} 17. Re2 Nxe5 18. Nbd2 (18. Nxe5 $17 dxe5 19. Nd2) 18... Nxf3+ 19. Nxf3 O-O 20. Rd1 Bb7 21. c4 Rfe8 22. c5 Rxe4 23. Rxe4 Bxe4 24. cxd6 cxd6 25. Rxd6 Qf5 26. Nd4 Qg5 {[%csl Ge4][%cal Rg5g2]} 27. f3 $2 {[#]} (27. Nf3 Qf4 28. Qd1) 27... Qd2 $1 $19 {[%cal Rd2e1]} 28. Qb4 (28. h3 Bxd4+) 28... Qe3+ 29. Kh1 {[#]} Bc5 $1 {[%mdl 576] Back Rank.  Weighted Error Value: White=1.17/Black=0.44} 0-1

[Event "20th IPCA World-ch 2021"]
[Site "Torrevieja"]
[Date "2021.10.26"]
[Round "9.3"]
[White "Gedgafov, Chamal"]
[Black "Anfinogenov, Artem"]
[Result "1-0"]
[WhiteElo "2202"]
[BlackElo "2032"]
[Annotator "TA"]
[PlyCount "163"]
[EventDate "2021.10.19"]
[EventType "swiss"]
[EventRounds "9"]
[EventCountry "ESP"]
[SourceTitle "playchess.com"]
[Source "ChessBase"]
[SourceQuality "1"]

{[%evp 13,163,54,66,62,58,51,45,60,55,41,29,51,32,22,35,11,17,6,21,18,33,32,87,-27,-39,-31,-45,-36,-32,-67,-18,-17,-22,-15,-33,-26,0,-34,17,20,28,15,6,-6,-2,-120,-15,-210,48,36,35,30,46,8,1,7,16,0,26,0,93,85,85,-156,14,14,14,16,89,75,732,724,882,794,2743,2228,1411,0,0,0,0,0,8,8,8,8,8,8,8,8,8,10,29958,29952,29975,103,29967,29968,29975,29974,29976,29977,29977,29978,29979,0,29977,29974,29976,29977,29977,29963,29967,29959,29969,29970,29970,29972,29971,29972,29974,1177,815,705,29972,29973,29973,29972,29974,29972,29980,29980,29980,29981,29981,29982,29982,29983,29985,29986,29986,29986,29986,29982,29982,29983,29984,29985,29985,29986,29986,29987]} 1. d4 Nf6 2. c4 c5 3. d5 e6 4. Nc3 exd5 5. cxd5 Bd6 6. Nf3 O-O 7. Bg5 Re8 8. e3 {A60: Modern Benoni: Early Divergences.} Bc7 9. Bd3 d6 10. Qc2 {White is slightly better.} h6 11. Bh4 a6 12. a4 Nbd7 13. Nd2 Ne5 {[#]} 14. Be2 $146 ({Predecessor:} 14. O-O Qe7 15. Rae1 g5 16. Bg3 Nxd3 17. Qxd3 Nh5 18. e4 Bd7 19. f4 b5 20. axb5 axb5 21. Nxb5 {1-0 (42) Halkias,S (2571)-Limontas,M (2306) Warsaw 2006}) 14... Ng6 15. Bg3 Rb8 16. O-O Bd7 17. Nc4 Qe7 ({Better is} 17... Ne7 $14) 18. Bd3 ({White should play} 18. a5 $16) 18... b5 $11 19. axb5 axb5 20. Nd2 Ne5 21. Rfd1 b4 22. Bxe5 Qxe5 {[%mdl 64] Double Attack} 23. Nc4 Qe7 24. Ne2 Kh8 25. Bf5 Bxf5 (25... Bb5 $15) 26. Qxf5 g6 27. Qd3 Ra8 28. f3 Nd7 29. f4 (29. Rxa8 $11 Rxa8 30. Nf4) 29... f5 (29... Rxa1 $1 $17 30. Rxa1 Nb6 31. Nxb6 Bxb6) 30. g4 $2 (30. Rxa8 $11 {and White is okay.} Rxa8 31. Ng3) 30... fxg4 $2 (30... Rxa1 $19 31. Rxa1 Nb6) 31. Rxa8 $14 Rxa8 32. Qxg6 {[%mdl 64] Double Attack} Qf6 33. Qxf6+ ({Avoid the trap} 33. Qxg4 $2 Rg8 $19) (33. Qh5 {is more complex.} Nb6 34. Nd2 Kg7 35. Qxg4+ Qg6 36. Qxg6+ Kxg6 37. e4) 33... Nxf6 34. Ng3 h5 35. Kg2 Kh7 36. h3 Kg6 (36... Re8 $11) 37. hxg4 $16 hxg4 38. Rd2 $2 {[#]} (38. e4 $16 {and life is bright.}) 38... Ra1 $2 (38... b3 $1 $17 {aiming for ...Ra4.} 39. Re2 Ra4) 39. e4 $11 {And now e5 would win.} Rc1 40. b3 Rc3 (40... Nd7 $11 {keeps the balance.}) 41. e5 $16 Rxg3+ $2 {[%mdl 8192]} 42. Kxg3 $18 Ne4+ 43. Kxg4 Nxd2 44. Nxd2 dxe5 {[#]} 45. fxe5 $2 ({White has to play} 45. f5+ $1 $18 Kf6 46. Ne4+ Kf7 47. Nxc5) 45... Bxe5 {[%mdl 4096] Endgame KB-KN} 46. Nc4 Kf6 47. Kf3 {Black must now prevent Ke4.} Bh2 48. Ke4 Bg3 49. Na5 {Strongly threatening Kd3.} Bf2 50. Kd3 {Hoping for Kc4.} Ke7 51. Kc4 {Nb7 is the strong threat.} Kd7 52. Nb7 Kc7 $2 {[%mdl 8192] White now steadily converts the win.} (52... Bg1 $11 53. Nxc5+ Kd6) 53. Nxc5 Bg1 54. Na6+ $2 (54. Ne4 {mates} Be3 55. Kxb4 Kd7 56. Kc4 Bf4 57. d6 Ke6 58. Kc5 Bh2 59. Kc6) 54... Kb6 $2 {[%mdl 8192]} (54... Kd6 $16 55. Nxb4 Bh2) 55. Nxb4 Bf2 56. Nd3 Bg1 57. b4 Be3 58. Ne5 Bd2 59. Nd3 Be3 60. Nb2 Bg1 61. Na4+ Kc7 62. Kd3 Kd7 63. Ke4 Kd6 64. Nb2 Bf2 65. Nc4+ Kd7 66. Kd3 Kc7 67. Ne5 (67. Kc3 $142 Bh4 68. Kb3 Kb7 69. Ka4 Ka6 70. d6 Bf6 71. Na5 Kb6 72. b5) 67... Kd6 68. Ke4 Bg3 69. Nc4+ {White mates.} Kd7 70. Kd3 Bf2 71. Kc3 Bg1 72. Kb3 Kc7 73. Ka4 Bf2 74. Kb5 Kb7 75. d6 Be1 76. Na5+ Kb8 77. Kc5 Bd2 78. Kd5 Be1 79. Ke6 Ka7 80. d7 Bh4 81. Nc6+ Kb6 82. Ne7 {Weighted Error Value: White=0.51/Black=0.53} 1-0

[Event "20th IPCA World-ch 2021"]
[Site "Torrevieja"]
[Date "2021.10.26"]
[Round "9.4"]
[White "Tsapalin, Sergey"]
[Black "Valenta, Vit Vaclav"]
[Result "0-1"]
[WhiteElo "1981"]
[BlackElo "2028"]
[Annotator "TA"]
[PlyCount "136"]
[EventDate "2021.10.19"]
[EventType "swiss"]
[EventRounds "9"]
[EventCountry "ESP"]
[SourceTitle "playchess.com"]
[Source "ChessBase"]
[SourceQuality "1"]

{[%evp 16,136,83,62,67,68,78,60,76,79,72,64,85,82,84,81,122,122,134,136,125,124,126,115,139,128,166,173,187,-9,-19,-19,-32,-39,-35,-35,0,0,0,0,11,0,0,0,0,0,6,0,0,-10,0,0,0,0,0,0,0,-7,-7,-7,0,0,-2,-4,-2,-83,-81,-87,-80,-59,0,-122,-133,-119,-107,-109,-113,-117,-110,-122,-121,-116,-108,-104,-109,-104,-106,-115,-105,-110,-106,-106,-119,-127,-119,-96,-111,-94,0,-26,-8,-27,-18,-66,-8,-8,-8,-8,0,0,0,-1272,-1216,-1083,-8,-5841,-5833,-3112,-871,-29978,-29979,-29973,-29974]} 1. d4 Nf6 2. c4 g6 3. Nc3 Bg7 4. e4 d6 5. Be2 O-O 6. Bg5 h6 7. Be3 Nbd7 8. Qd2 Kh7 {8...Kh7 is better than 8...c5.} 9. f3 {has lost popularity (9.h4).} e5 {E73: King's Indian: Averbakh Variation without 6...c5.} 10. d5 Nh5 11. Nh3 Nc5 {White is slightly better.} 12. Nf2 a5 {[#]} 13. Nd3 $146 ({Predecessor:} 13. g3 b6 14. O-O-O a4 15. Rde1 a3 16. b3 Bd7 17. Rhf1 Qe7 18. Bd1 Nf6 19. Bc2 {1-0 (47) Ivanchuk,V (2705)-Megaranto,S (2439) Mallorca 2004}) 13... Nxd3+ 14. Bxd3 Nf4 15. Bf1 f5 16. g3 Nh5 17. exf5 gxf5 18. Bd3 e4 19. fxe4 f4 20. e5+ $1 Kh8 21. gxf4 {Threatens to win with e6.} Qh4+ 22. Qf2 $2 (22. Kd1 $1 $18) 22... Qxf2+ $11 {[%mdl 64] Overworked Piece} 23. Bxf2 Nxf4 24. Be4 {Black should prevent e6.} Bxe5 {And now ...Nh3 would win.} 25. Kd2 $1 Bd7 26. Bg3 Rae8 27. Rae1 Nh3 (27... Bf6 {is more complex.} 28. Bxf4 Bxc3+ 29. Kxc3 Rxf4 30. Bd3 Rxe1 31. Rxe1 Kg7) 28. Bxe5+ Rxe5 29. Rhf1 Rxf1 30. Rxf1 Kg7 31. Bg2 (31. Bd3 {with more complications.} Rh5 32. Ne4 Rf5 33. Rxf5 Bxf5 34. Nc5) 31... Ng5 32. Re1 (32. h4 {looks sharper.} Nf7 33. Bf3 Re7 34. Bh5 Ne5 35. b3) 32... Rxe1 33. Kxe1 {[%mdl 4096] Endgame KBN-KBN} Kf6 34. Kd2 Ke5 35. Ke3 Nh7 36. b3 Nf6 37. Bf3 Ne8 38. a3 Ng7 39. Be4 Nh5 40. b4 (40. Ne2 $11) 40... axb4 $1 $17 41. axb4 Nf6 42. Bf3 b6 (42... b5 $1 $15 43. cxb5 Bg4) 43. Ne2 (43. b5 $1 $11) 43... b5 44. Kd3 Bf5+ 45. Kc3 Be4 46. Bxe4 Nxe4+ {KN-KN} 47. Kd3 Nf2+ $1 48. Kc3 bxc4 49. Kxc4 Ng4 50. Kb5 Kxd5 51. Nc3+ Kd4 52. Ne2+ Kd3 53. Nf4+ Ke4 54. Ne6 Nxh2 55. Nxc7 Nf3 $1 56. Ne8 {[#]} Kd5 (56... Ke5 $1 $17 57. Ng7 d5) 57. Nf6+ Ke6 58. Ne4 h5 {White must now prevent ...d5.} 59. Nf2 Kd5 (59... Kd7 $15 60. Kc4 Ne5+ 61. Kd5 Ng4) 60. Ka6 $1 $11 Nd4 61. b5 Nb3 {...Kc4 is the strong threat.} 62. b6 {aiming for Nd3.} Nc5+ 63. Ka7 $2 {[%mdl 8192] [#]} (63. Kb5 $11) 63... Kd4 $1 $19 {[%cal Rd4e3]} ({Worse is} 63... Kc6 64. Nd3 $14) 64. Nh3 h4 $2 ({Black should try} 64... d5 $19 65. Kb8 Ke3) 65. Nf4 $2 {[%mdl 8192]} (65. Kb8 $11) 65... Ke4 66. Nh3 d5 67. Ka8 d4 68. Ng5+ Kd5 {Quite a comeback for Black.  Weighted Error Value: White=0.16/Black=0.10} 0-1

[Event "20th IPCA World-ch 2021"]
[Site "Torrevieja"]
[Date "2021.10.26"]
[Round "9.5"]
[White "Moya Albaladejo, Jose Antonio"]
[Black "Zavarsky, Juraj"]
[Result "0-1"]
[WhiteElo "1923"]
[BlackElo "1975"]
[Annotator "TA"]
[PlyCount "60"]
[EventDate "2021.10.19"]
[EventType "swiss"]
[EventRounds "9"]
[EventCountry "ESP"]
[SourceTitle "playchess.com"]
[Source "ChessBase"]
[SourceQuality "1"]

{[%evp 9,60,57,73,57,50,39,51,24,45,18,47,8,15,-6,37,25,35,31,94,89,77,75,82,75,93,42,45,-7,-7,-2,10,8,22,0,58,0,62,12,14,28,12,7,11,5,23,12,46,-104,-103,-128,-122,-746,-732]} 1. e4 c5 2. Nf3 Nc6 3. Bb5 Na5 4. O-O a6 5. Be2 e6 6. d4 {B30: Sicilian: 2...Nc6 3 Bb5, lines without ...g6.} cxd4 7. Nxd4 Qc7 8. Nc3 {White is slightly better.} Nf6 9. f4 {[#] With the idea e5.} b5 $146 ({Predecessor:} 9... d6 10. Bf3 Be7 11. Kh1 O-O 12. Qe1 Rb8 13. e5 Ne8 14. exd6 Nxd6 15. f5 Qc5 16. fxe6 Qxd4 17. exf7+ Rxf7 {1-0 (61) Fedorchuk,S (2650)-Razmyslov,A (2439) Jaen 2011}) 10. a3 Bb7 11. Bf3 Nc6 {[#] Strongly threatening ...Nxd4.} 12. Nxc6 Bxc6 13. e5 Bc5+ (13... Ng8 $14) 14. Kh1 $16 Ng8 15. Ne4 Bxe4 16. Bxe4 Rd8 17. Qf3 (17. Qg4 $16 g6 18. Qe2) 17... Ne7 $14 18. Be3 ({White should play} 18. Qc3 $14) 18... Bxe3 $11 19. Qxe3 d5 20. Bd3 O-O 21. c3 f6 (21... g6 $11) 22. a4 ({White should try} 22. exf6 $14 Rxf6 23. a4) 22... bxa4 (22... fxe5 $11 23. fxe5 Ng6) 23. Qh3 ({Don't play} 23. Bxa6 fxe5 24. fxe5 Rxf1+ 25. Bxf1 Nf5 $11) 23... f5 $1 24. Rxa4 a5 25. Rfa1 $36 {[%mdl 2048] White has good play.} Rb8 26. b4 axb4 27. cxb4 Rfc8 28. Qe3 (28. Bf1 $14 {stays ahead.}) 28... Qc3 $17 29. b5 {[#]} Rxb5 $1 {[%mdl 576] Threatens to win with ...Rb3. Pin} 30. Qa7 $2 {[%mdl 8192]} (30. h3 Rb3) 30... Qxd3 {Weighted Error Value: White=0.62/Black=0.16} 0-1